000 00477nam a22001817a 4500
003 OSt
005 20180116183022.0
008 151125b xxu||||| |||| 00| 0 eng d
020 _a9780071077941
040 _c0
082 _a658.3 ASW 2013
100 _aK Aswathappa
245 _aInternational Human Resource Management
260 _aNew Delhi
_bMc Graw Hill
_c2013
300 _a398 P.
_bPB
440 _aInternational Human Resource Management
942 _2ddc
_cBK
999 _c350620
_d350620